000 00554nam a2200217Ia 4500
001 13096
003 GE_BSU
008 181216s||||||||xx |||||||||||||| ||und||
020 _a9780061783180
040 _cGE_BSU
080 _a821.111-3
100 _aFrost,Jeaniene.
245 _aThis side of the grave.
245 2 _bA Night huntress novel.
260 _aNew York.
260 _bAvon-An Imprint of Harper Collins Publishers.
260 _c2011
300 _a400p;18cm.
653 _aThis side of the grave:A Night huntress novel.
942 _cBK
999 _c46262
_d46262